000 01897cam a22005534i 4500
003 PE-LiUPU
005 20250731180103.0
008 150617s r 000 0 d
020 _a8436802284
035 _a(Sirsi) i9788436802283
040 _aPE-LiUPU
_bspa
_cPE-LiUPU
_erda
049 _aPRUA
082 0 4 _a574.0304
_bA67
_221
100 1 _aArcher, Luís J.,
_eautor.
245 1 3 _aLa amenaza de la biología /
_cLuis J. Archer ; [traducción, Jacob0 Cárdenas].
264 1 _aMadrid :
_bEdiciones Pirámire,
_c1983.
300 _a150 páginas ;
_c21 centímetros
336 _atext
_2rdacontent
337 _aunmediated
_2rdamedia
338 _avolume
_2rdacarrier
490 0 _aCiencias del hombre y de la naturaleza
504 _aIncluye bibliografía.
505 0 _aLa biología que cambia la sociedad. -Cuando la biología se transforma en política. -Sociobiología: una nueva revolución evolucionista. -Una biología estructuralista. -De cómo la biología influye en el pensamiento teológico.
526 _aSEG44
526 _aSEG26
526 _aP159
526 _aP155
526 _aP154
526 _aP153
526 _aP150
526 _aP100
526 _aP31
526 _aP30
526 _aP26
526 _aP25
526 _aP24
526 _aP22
526 _aP15
526 _aP10
650 1 4 _aBiología.
_2embne
700 1 _aCárdenas, Jacobo,
_etraductor.
910 _ajck
_bjvq
_cjck
_d20150616
942 _2ddc
_cBOOK
949 _a574.0304 A67
_wDEWEY
_c1
_i32990
_lCCODEBUL1
_mBUL
_r0
_sY
_tBOOK
_u2015-6-17
_xSALUD
_zUNKNOWN
_0COMPRA
_o.STAFF. Colección General
994 _aC0
_bPEPRU
596 _a1
999 _a574.0304 A67
_wDEWEY
_c17448
_i32990
_f2021-11-5
_g5
_lCCODEBUL1
_mBUL
_r0
_sY
_tBOOK
_u2015-6-17
_xBIBLIOTECA
_zUNKNOWN
_0COMPRA
_o.STAFF. Colección General
_d17448
980 _81
_gALBERTO SANCHEZ Responsable de Automatización